000 00516nam a22001817a 4500
003 URS
005 20250708155255.0
008 250708b |||||||| |||| 00| 0 eng d
040 _cURS
100 _aWaterhouse, Phil.
_eauhtor
245 _aS is for Samsung
_cPhil Waterhouse.
_b/
300 _apage 21
_c28 cm
336 _2rdacontent
_atext
_btxt
337 _2rdamedia
_aunmediated
_bn
338 _2rdacarrier
_avolume
_bnc
773 0 _082824
_975352
_oPIL-13541110-29-2
_tBusiness review
_x13541110
942 _2ddc
_cCR
999 _c83463
_d83462